000 00378nam a2200145Ia 4500
008 230917s9999||||xx |||||||||||||| ||und||
040 _e140151
_aMAIN
041 _aEnglish
082 _a346.015 B469P
100 _aBhansali, S R
245 0 _aProtection of women from Domestic Violence Act, 2005
260 _aJodhpur
_bOmdoam
_c2008
300 _axxii, 472 p.
942 _cBK
999 _c146500
_d146500